Prevención de accidentes y lesiones. (Registro nro. 600)

Detalles MARC
000 -LEADER
fixed length control field 01099 am a2200277 a 4500
005 - FECHA ULTIMA MODIFICACION
control field 20240605095731.0
008 - CAMPO DE CONTROL (LIBRO)
fixed length control field 100810s1993||||xxud f |||| 001 0 spa d
020 ## - INTERNATIONAL STANDARD BOOK NUMBER
ISBN 9275710422
041 ## - CODIGO DE IDIOMA
Código de idioma del texto/pista de sonido o título separado spa
092 ## - SIGNATURA TOPOGRAFICA DEWEY LOCAL
número de clasificación 363.1
libristica 29
sección GLI
100 1# - ENTRADA PRINCIPAL--NOMBRE PERSONAL
Nombre personal Glizer, Isaac Miguel.
9 (RLIN) 687
245 ## - TITULO PROPIAMENTE DICHO
Título Prevención de accidentes y lesiones.
Subtítulo y Título paralelo Conceptos, métodos y orientaciones para países en desarrollo /
Mención de responsabilidad y remanente de la transcripción de la portada Isaac Miguel Glizer.
250 ## - MENCION DE EDICION
Mención de edición 1a ed.
260 ## - PIE DE IMPRENTA
Lugar de publicación, distribución, etc Washington:
Nombre de la editorial, distribuidor, etc OPS/OMS;
Fecha de publicación 1993.
300 ## - DESCRIPCION FISICA
Extension 343 p.
500 ## - NOTA GENERAL
Nota general Glizer, I. M. (1993). Prevención de accidentes y lesiones. Conceptos, métodos y orientaciones para países en desarrollo. (1a ed.). Washington : OPS/OMS.
590 ## - NOTAS LOCALES (RLIN)
Nota local Serie Paltex para Ejecutores de Programas de Salud N 2̂9.
653 ## - TÉRMINO INDIZADO - PALABRAS CLAVES
Palabra clave Identificación del problema
653 ## - TÉRMINO INDIZADO - PALABRAS CLAVES
Palabra clave Epidemiología
653 ## - TÉRMINO INDIZADO - PALABRAS CLAVES
Palabra clave Factores de riesgo
653 ## - TÉRMINO INDIZADO - PALABRAS CLAVES
Palabra clave Prevención
653 ## - TÉRMINO INDIZADO - PALABRAS CLAVES
Palabra clave Indicadores utilizados en la medición de los accidentes de transito
653 ## - TÉRMINO INDIZADO - PALABRAS CLAVES
Palabra clave Modelo de formulario para recopilar información de accidentes de tránsito
930 ## - NUMERO DE INVENTARIO
Número de inventario 992
942 ## - ADDED ENTRY ELEMENTS (KOHA)
Source of classification or shelving scheme Dewey Decimal Classification
Item type Libros
Existencias
Estado de retiro Existencia Fuente de clasificación Estado general No para prestamo Colección Ubicación permanente ubicación actual Sala de ubicación Fecha de adquisición Total Checkouts Total Renewals Número de clasificación Código de barras Date last seen Date last borrowed Número de ejemplar Price effective from Koha tipo de elemento (item) Public note
    Dewey Decimal Classification     Reference Biblioteca Medicina Biblioteca Medicina Referencia 13/05/2011 1 2 363.1 68 PRE 992 06/11/2014 08/11/2012 ej.1 13/05/2011 Reference LIBRO DE CONSULTA

UNIVERSIDAD NACIONAL DEL COMAHUE
Biblioteca de la Facultad de Ciencias Médicas
Sede Toschi: Los Arrayanes y Av. Toschi, Cipolletti  - Rio Negro
Sede Los Tordos:  Yrigoyen al 2211, Cipolletti - Rio Negro 

Teléfono: 0299 - 4774707 int 25
Contacto: biblioteca@facimed.uncoma.edu.ar
© 2011 - 2026